Die 20 Bekanntesten deutschen Wörter - Statistiken

Allgemein
  • Dieses Quiz wurde 1.479 mal gespielt
  • Das Durchschnittsergebnis liegt bei 13 aus 20
Antwortstatistiken
% Wort % Korrekt
87 Sie, sie
89%
83 er
87%
89 ich
85%
80 es
84%
87 du
83%
88 da
82%
78 wir
82%
80 der
71%
79 die
71%
79 das
70%
64 und
65%
62 ja
52%
62 nein
51%
72 ist
50%
62 wie
48%
67 bin
45%
67 ein
45%
62 habe
40%
60 war
38%
56 sind
34%
Keine übereinstimmenden Quizze gefunden
Verteilung der Resultate
Anzahl Personen mit jedem Resultat
Perzentil nach korrekt beantworteten Fragen
Ihre Resultats-Entwicklung
Sie haben dieses Quiz noch nicht gespielt